Intérêt des thérapies cognitives et comportementales dans la pratique de secteur (notice n° 1865860)

détails MARC
000 -LEADER
fixed length control field 00933cam a2200169 4500500
005 - DATE AND TIME OF LATEST TRANSACTION
control field 20260329011902.0
041 ## - LANGUAGE CODE
Language code of text/sound track or separate title fre
042 ## - AUTHENTICATION CODE
Authentication code dc
100 10 - MAIN ENTRY--PERSONAL NAME
Personal name Boriceanu, Oana
Relator term author
245 00 - TITLE STATEMENT
Title Intérêt des thérapies cognitives et comportementales dans la pratique de secteur
260 ## - PUBLICATION, DISTRIBUTION, ETC.
Date of publication, distribution, etc. 2007.<br/>
500 ## - GENERAL NOTE
General note 58
520 ## - SUMMARY, ETC.
Summary, etc. Une des idées reçues concernant la psychiatrie est qu’il s’agit de maladies chroniques « qu’on ne peut pas guérir ». Si le 20ème siècle prenait le temps de comprendre le 21ème siècle, presserait le moment de conclure. Face à une souffrance psychique, quelles théories ? quelles pratiques ? mais surtout peut-on en psychiatrie guérir ? tel est le sens de ce travail.
700 10 - ADDED ENTRY--PERSONAL NAME
Personal name Augier, Gérard
Relator term author
786 0# - DATA SOURCE ENTRY
Note Psy Cause | 50 | 4 | 2007-01-03 | p. 11-15 | 1245-2394
856 41 - ELECTRONIC LOCATION AND ACCESS
Uniform Resource Identifier <a href="https://shs.cairn.info/revue-psy-cause-2007-4-page-11?lang=fr&redirect-ssocas=7080">https://shs.cairn.info/revue-psy-cause-2007-4-page-11?lang=fr&redirect-ssocas=7080</a>

Pas d'exemplaire disponible.

PLUDOC

PLUDOC est la plateforme unique et centralisée de gestion des bibliothèques physiques et numériques de Guinée administré par le CEDUST. Elle est la plus grande base de données de ressources documentaires pour les Étudiants, Enseignants chercheurs et Chercheurs de Guinée.

Adresse

627 919 101/664 919 101

25 boulevard du commerce
Kaloum, Conakry, Guinée

Réseaux sociaux

Powered by Netsen Group @ 2025